History Quiz

Random History or Biography Quiz

Obama/Palin Facts Quiz Stats

 Plays Quiz not verified by Sporcle

Challenge
Share
Tweet
Embed
Score 0/28 Timer 07:00
0 Plays Today
Person Fact % Correct
Barack ObamaDemocratic Party
97.6%
Sarah PalinRepublican Party
96.5%
Sarah PalinAlaska
95.1%
Barack ObamaPresident of the United States
94.9%
Barack ObamaWashington, D.C.
94.3%
Barack ObamaIllinois
93.2%
Sarah PalinGovernor of Alaska
91.1%
Barack ObamaMichelle Obama
90.5%
Barack ObamaHawaii
90.2%
Barack ObamaJoe Biden
89.7%
Sarah PalinJohn McCain
88.3%
Barack ObamaHussein
88.3%
Barack ObamaOccidental College, Columbia University, Harvard Law School
84.3%
Sarah PalinTrack, Bristol, Willow, Piper, Trig
79.1%
Person Fact % Correct
Barack Obama1961
75.6%
Barack ObamaMalia, Sasha
72.4%
Sarah Palin1964
69.4%
Sarah PalinTodd Palin
62.6%
Barack ObamaCivil rights lawyer
61.5%
Sarah PalinWasilla, Alaska
59.6%
Sarah PalinIdaho
45.8%
Sarah PalinHawaii Pacific University, North Idaho College, University of Idaho, Matanuska-Susitna College
45.8%
Sarah PalinGoing Rogue: An American Life
40.9%
Barack ObamaDreams from My Father: A Story of Race and Inheritance
26.6%
Sarah PalinJournalist/sportscaster
24.4%
Barack ObamaRenegade
18.4%
Sarah PalinLouise
14.4%
Sarah PalinDenali
4.9%

You're not logged in!

Compare scores with friends on all Sporcle quizzes.
OR
Log In

You Might Also Like...

Show Comments

Extras

Top Quizzes Today


Score Distribution

Your Account Isn't Verified!

In order to create a playlist on Sporcle, you need to verify the email address you used during registration. Go to your Sporcle Settings to finish the process.

Report this User

Report this user for behavior that violates our Community Guidelines.

Details: